000 00672nam a2200229 a 4500
999 _c3275
_d3275
001 3275
003 BD-JhCC
005 20171112165844.0
008 171112s1969 bg a|||| ||a| 000 0 ben d
035 _a(BD-JhCC)3275
040 _aBD-JhCC
_dBD-JhCC
041 _aben
082 _a572.86
_bHEN 1969
100 _aহেনাহান, জন এফ
245 _aঅণুর দেশে মানুষ /
_cজন এফ হেনাহান,
260 _aঢাকা :
_bজলি বুকস,
_c1969
300 _a265 p. :
_c22 cm.
650 _aMolecule
_xBiology
700 _aরফিক, আহমদ (অনু)
942 _2ddc
_cBK